000 00455nam a2200169Ia 4500
008 090711s9999 xx 000 0 und d
082 _b64935
100 _aकर्णिक हेमंत
245 _aनंबर वन
260 _c1990
300 _a151
600 _aकर्णिक हेमंत
630 _aनंबर वन
700 _aकर्णिक हेमंत
730 _aनंबर वन
942 _cBOOK
999 _c299429
_d299429